Normal view
MARC view
- غوشة، "محمد هاشم"
Entry Personal Name
001 - CONTROL NUMBER
- control field: 47733
003 - CONTROL NUMBER IDENTIFIER
- control field: JO-AjAnu
005 - DATE AND TIME OF LATEST TRANSACTION
- control field: 20230606081858.0
008 - FIXED-LENGTH DATA ELEMENTS
- fixed length control field: 230606|| aca||aabn | a|a d
040 ## - CATALOGING SOURCE
- Original cataloging agency: JO-AjAnu
- Transcribing agency: JO-AjAnu
100 ## - HEADING--PERSONAL NAME
- Personal name: غوشة، "محمد هاشم"
670 ## - SOURCE DATA FOUND
- Source citation: Work cat.: (JO-AjAnu)24426: غوشة، "محمد هاشم", author, القدس في العهد العثماني 922هجري/1516م-974هجري/1566م